[Event "EU-ch Schools U13 Girls"]
[Site "Tornelo INT"]
[Date "2021.12.05"]
[Round "7"]
[White "Sekova, Olivia"]
[Black "Borodkina, Agnia"]
[Result "0-1"]
[WhiteElo "1641"]
[BlackElo "1276"]
[PlyCount "70"]
[EventDate "2021.12.03"]
[EventType "swiss (rapid)"]
[EventRounds "7"]
[EventCountry "NET"]
[SourceTitle "EXT 2023"]
[Source "ChessBase"]
[SourceDate "2022.10.05"]
[SourceVersion "1"]
[SourceVersionDate "2022.10.05"]
[SourceQuality "1"]

1. e4 c5 2. Nf3 e6 3. b3 Nc6 4. Bb2 Be7 5. Bxg7 Bf6 6. Bxh8 Bxh8 7. c3 Nf6 8. Qc2 d5 9. exd5 exd5 10. Be2 Qe7 11. 0-0 Be6 12. Bb5 0-0-0 13. Re1 Rg8 14. Bxc6 bxc6 15. d4 Ne4 16. Nbd2 Bh3 17. g3 f5 18. Nxe4 fxe4 19. Qd3 Kb7 20. Qe3 Qf6 21. Ne5 h5 22. f3 h4 23. fxe4 hxg3 24. hxg3 cxd4 25. cxd4 Qh4 26. Kf2 Rf8+ 27. Ke2 Qh5+ 28. Kd2 Bxe5 29. dxe5 Qxe5 30. exd5 Qxd5+ 31. Qd3 Rf2+ 32. Re2 Qa5+ 33. Qc3 Rxe2+ 34. Kxe2 Qxc3 35. Rd1 Bg4+ 0-1

[Event "Chigorin Memorial 27th"]
[Site "St Petersburg"]
[Date "2019.10.11"]
[Round "7"]
[White "Mirzoyan, Samvel1111"]
[Black "Borodkina, Agnia"]
[Result "1/2-1/2"]
[WhiteElo "1203"]
[BlackElo "1370"]
[PlyCount "115"]
[EventDate "2019.10.05"]
[EventType "swiss"]
[EventRounds "9"]
[EventCountry "RUS"]
[SourceTitle "EXT 2021"]
[Source "ChessBase"]
[SourceDate "2020.10.23"]
[SourceVersion "1"]
[SourceVersionDate "2020.10.23"]
[SourceQuality "1"]

1. e4 c5 2. d4 cxd4 3. c3 dxc3 4. Nxc3 e6 5. Nf3 Nc6 6. Bc4 a6 7. 0-0 b5 8. Bb3 Nf6 9. Bg5 Be7 10. a3 Bb7 11. Qe2 0-0 12. Rfd1 h6 13. Bxf6 Bxf6 14. e5 Be7 15. Rd2 Qc7 16. Rad1 Rad8 17. Bc2 d6 18. exd6 Bxd6 19. Qe4 g6 20. Qg4 Ne5 21. Nxe5 Bxe5 22. f4 Rxd2 23. Rxd2 Bxf4 24. Rd1 Bxh2+ 25. Kh1 Be5 26. Rd3 Rd8 27. Rxd8+ Qxd8 28. Qe2 Qh4+ 29. Kg1 Qh2+ 30. Kf1 Qh1+ 31. Kf2 Qxg2+ 32. Ke1 Bg3+ 33. Kd2 Qc6 34. Be4 Qd6+ 35. Kc2 Bxe4+ 36. Qxe4 h5 37. Qa8+ Kg7 38. Qe4 h4 39. Qg2 Qf4 40. Kb1 Qg4 41. Ne2 Qf5+ 42. Ka1 Qf2 43. Qe4 h3 44. Nxg3 Qxg3 45. Qd4+ e5 46. Qe4 h2 47. Ka2 Qg1 48. Qxe5+ Kh7 49. Qf6 h1Q 50. Qxf7+ Kh6 51. Qf8+ Kg5 52. Qe7+ Kg4 53. Qe6+ Kh5 54. Qe5+ Qg5 55. Qh8+ Qh6 56. Qe5+ g5 57. Qe2+ Kh4 58. Qf2+ 1/2-1/2

[Event "Chigorin Memorial 27th"]
[Site "St Petersburg"]
[Date "2019.10.10"]
[Round "6"]
[White "Borodkina, Agnia"]
[Black "Korolev, Artem"]
[Result "0-1"]
[WhiteElo "1370"]
[BlackElo "1459"]
[PlyCount "68"]
[EventDate "2019.10.05"]
[EventType "swiss"]
[EventRounds "9"]
[EventCountry "RUS"]
[SourceTitle "EXT 2020"]
[Source "ChessBase"]
[SourceDate "2019.10.17"]
[SourceVersion "1"]
[SourceVersionDate "2019.10.17"]
[SourceQuality "1"]

1. e4 d6 2. d4 Nf6 3. f3 e5 4. Ne2 exd4 5. Nxd4 g6 6. Nc3 Bg7 7. Be3 0-0 8. Qd2 Re8 9. h4 h5 10. 0-0-0 a6 11. Bg5 b5 12. Rg1 c5 13. Nde2 b4 14. Qxd6 Qxd6 15. Rxd6 bxc3 16. Bxf6 Bxf6 17. Rxf6 cxb2+ 18. Kxb2 Be6 19. Rf4 Nc6 20. g4 Rab8+ 21. Kc1 hxg4 22. fxg4 Red8 23. Nc3 Nb4 24. Nd5 Bxd5 25. exd5 Nxa2+ 26. Kd2 Rxd5+ 27. Ke3 Nb4 28. c3 Nc2+ 29. Kf2 Re8 30. Bxa6 Re3 31. Rf3 Rd2+ 32. Kg3 Re4 33. Rgf1 Ne3 34. Re1 Nf5+ 0-1